000 01559nam a22002657a 4500
003 OSt
005 20250716161945.0
008 231219b |||||||| |||| 00| 0 eng d
020 _a9789585125353
037 _3Donación
040 _aCO-JMCR
_cCO-JMCR
_dCO-JMCR
_erda
041 _aspa
082 _aA-C
_bMORc
100 _aMoreno Durán, Rafael Humberto
_eAutor
_943114
245 _aCartas en el asunto /
_cG.H. Moreno-Durán
260 _aBogotá:
_bSecretaria distrital de cultura, recreacion y deporte,
_c2022
300 _a114 páginas
_c24 cm
490 _aLeer para la vida
500 _aContiene datos biográficos del autor
520 _aCartas en el asunto es una invitación a jugar y a reír en serio. Se trata de barajar cartas, interpretarlas, vaticinar con ellas, seguir la carta astral, comer a la carta, leer la carta magna, la carta secreta, sostener comunicación por carta, aclarar una situación o definirla; en fin, R. H. Moreno-Durán aprovechó el término para mostrar su carácter polisémico y la riqueza del lenguaje. En los seis cuentos de Cartas en el asunto, la baraja presenta diversos escenarios de Bogotá y, como si se tratara de un bestiario, se refiere a personajes de toda índole. Con juegos conjeturales y asociaciones libres, representa lo trágico y lo cómico en la vida del país y de cada uno.
650 _2JMCR
_aCuentos colombianos
_ysiglo xx
_939161
650 _2JMCR
_aLiteratura colombiana
_vCartas
_943115
650 _2JMCR
_aEscenarios urbanos
_xLiteratura
_943116
942 _2ddc
_cBK
999 _c30482
_d16866